=LDR 00000nam 2200000 4500 =001 INLIS000000000049586 =005 20200319084535 =035 ##$$a 0010-031700000000031 =008 200319###########################0###### =020 ##$$a 978-602-7686-04-6 =040 ##$$a NBPDMAT =082 ##$$a 499 227 3 =090 ##$$a 499.227 3 Jal k =100 ##$$a Jalaludin arzaki =245 1#$$a Kamus sasak-indonesia-inggris /$c Drs . H .Jalaludin =260 ##$$a Selong :$b KSU Primaguna,$c 2014 =300 ##$$a iii,105 hlm ; $c 21 cm =650 #4$$a Kamus sasak - indonesia - Inggris =700 #$$a sahlan =084 ##$$a 499 227 3 JAL k =990 ##$$a 07/46/2020 =990 ##$$a 07/46/2020 =990 ##$$a 07/46/2020 =990 ##$$a 07/46/2020 =990 ##$$a 07/46/2020